000 00261nam a2200109Ia 4500
005 20251222114339.0
008 251222s1900||||xx |||||||||||||| ||spa||
082 _aDVD0170/S79/2001
245 0 _aAntrax
264 _bIllusions Entertainment Corporation
942 _cDVD
999 _c791
_d791